000 00832nam a22002657a 4500
003 CHAP
005 20220329140824.0
008 971013s br r 00010 por d
010 _a58144
011 _a59116
035 _a63273
040 _cCHAP
090 _aR-213
100 0 0 _aSmith, Lyman Bradford.
_9107076
245 1 _aBromeliáceas novas ou interessantes do Brasil
500 _aSobretiro de : Arquivos de Botanica do Estado de S. Paulo n.s. 1 (3) : 53-60, 1941, 2 : 1-3, 1952
590 _aBATCH-UPD
_b10
_c20130110
_lUCH01
_h0704
590 _aBATCH-UPD
_b10
_c20130410
_lUCH01
_h0350
590 _aBATCH-UPD
_b10
_c20130914
_lUCH01
_h0751
590 _aCONVERSION
_b10
_c20130109
_lUCH01
_h1331
650 1 4 _aBromeliáceas.
_915513
901 _aBK
942 _cREIMP
949 _aR-213
_bBC
_cR
_d-135923
_eTS1
_i63273
_si
999 _c58144
_d58144